00306pab a2200121 454500008004000000100001900040245005900059260000900118300001400127362001100141650001700152773001500169180718b2002 xxu||||| |||| 00| 0 eng d aFeldman, David aParliamentary scrutiny of legislation and human rights c2002 ap.323-48. aSummer aHuman rights aPublic Law